[Event "NOR-chT Clubs"]
[Site "Drammen"]
[Date "2022.05.26"]
[Round "6"]
[White "Skramstad, Oda Kofoed"]
[Black "Langvik, Ulrikke"]
[Result "0-1"]
[WhiteElo "1394"]
[BlackElo "1599"]
[PlyCount "68"]
[EventDate "2022.05.26"]
[EventType "team-swiss"]
[EventRounds "6"]
[EventCountry "NOR"]
[SourceTitle "EXT 2024"]
[Source "ChessBase"]
[SourceDate "2023.10.10"]
[SourceVersion "1"]
[SourceVersionDate "2023.10.10"]
[SourceQuality "1"]
[WhiteTeam "Dragen"]
[BlackTeam "Offerspill (Women)"]
[WhiteTeamCountry "NOR"]
[BlackTeamCountry "NOR"]

1. d4 d5 2. c4 e6 3. Nc3 c6 4. Nf3 dxc4 5. a4 Bb4 6. Bd2 Nf6 7. e3 b5 8. Ne5 Bxc3 9. Bxc3 Nd5 10. Bd2 0-0 11. Be2 f6 12. Nf3 Nd7 13. e4 Ne7 14. b3 cxb3 15. Qxb3 bxa4 16. Qxe6+ Kh8 17. Rxa4 Nb6 18. Qa2 Nxa4 19. Qxa4 Bd7 20. Qc2 Re8 21. h4 Bg4 22. Qd3 a5 23. h5 a4 24. h6 g6 25. e5 Nd5 26. Qc4 a3 27. Qa2 Bxf3 28. gxf3 Qb6 29. 0-0 Qxd4 30. f4 fxe5 31. f5 gxf5 32. Bf3 Rg8+ 33. Bg2 Rxg2+ 34. Kxg2 Rg8+ 0-1